Entscheidungskriterien bei der Auswahl der Einkaufsstätte im Einzelhandel - Eine Studie zum Käuferverhalten in der Ostslowakei

Na minha lista:
Detalhes bibliográficos
Autor principal: Lieskovská, Vanda, 1961-
Outros Autores: Gazda, Vladimír
Formato: Capítulo de Livro
Idioma:alemão
Tags: Adicionar Tag
Sem tags, seja o primeiro a adicionar uma tag!

MARC

LEADER 00000nla$a2200000$$$4500
001 0051570
005 20240502083136.1
041 0 |a ger 
044 |a AT 
245 1 0 |a Entscheidungskriterien bei der Auswahl der Einkaufsstätte im Einzelhandel - Eine Studie zum Käuferverhalten in der Ostslowakei  |c Vanda Lieskovská, Vladimír Gazda 
500 |a Prezentácia 
100 1 |a Lieskovská, Vanda, 1961- 
700 1 |a Gazda, Vladimír